000 00908nam0a22002531 4500
001 rc\2556977
005 20230411170608.0
035 _a(NLR Aleph) 006721916
090 _a5452485
_c5452485
100 _a20110914d1927 u y0rusy50 ca
101 0 _arus
102 _aRU
105 _ay z |||||
200 1 _aНа внутреннем фронте
_fС предисл. и пояснительными примеч. С. Пионтковского
210 _aЛенинград
_cПрибой
_d1927
_gгостип. им. Евг. Соколовой
215 _a162, [2] с.
_d15х11 см.
700 1 _aКраснов
_bП.Н.
_cвоен. деятель, писатель
_f1869-1947
_gПетр Николаевич
702 1 _aПионтковский
_bС.
_4080
_4212
801 0 _aRU
_bNLR
_gpsbo
801 1 _aRU
_bELAR
_2rusmarc
852 _aNLR
_j49/451
942 _cBOOK
980 _aNB